00263nam a2200109Ia 4500008004100000100002000041245002000061260002600081650002200107942000700129999001700136190216s9999||||xx |||||||||||||| ||und|| aShankara Pillai 0aAnchuekangangal bPoorna Pubs Kozhikode aMalayalam Nadakam cBK c25136d25136